[Event "European Rapid 2017"]
[Site "Katowice POL"]
[Date "2017.12.17"]
[Round "8.9"]
[White "Bosiocic, Marin"]
[Black "Potkin, Vladimir"]
[Result "0-1"]
[WhiteTitle "GM"]
[BlackTitle "GM"]
[WhiteElo "2624"]
[BlackElo "2574"]
[WhiteFideId "14507927"]
[BlackFideId "4131061"]
[EventDate "2017.12.16"]

1. d4 d5 2. Bg5 Nf6 3. e3 c5 4. Bxf6 gxf6 5. dxc5 Nc6 6. c4 d4 7. exd4 Nxd4 8.
Nf3 Nxf3+ 9. Qxf3 e6 10. Bd3 Bxc5 11. O-O f5 12. Nc3 Qg5 13. Rad1 O-O 14. Be2
Rb8 15. Rd3 Kh8 16. Rfd1 b6 17. Qg3 Qxg3 18. hxg3 e5 19. a3 a5 20. Rd8 Be6 21.
Rxf8+ Rxf8 22. Kf1 Kg7 23. Nb5 Rc8 24. Rc1 Kf6 25. Ke1 e4 26. Rb1 Ke5 27. b4
axb4 28. axb4 Be7 29. Na3 f4 30. gxf4+ Kxf4 31. g3+ Ke5 32. Kd2 f5 33. Kc3 f4
34. gxf4+ Kxf4 35. Rh1 Bf6+ 36. Kb3 Rd8 37. Rh6 Kg5 38. Rh5+ Kf4 39. Nb1 e3 40.
fxe3+ Kxe3 41. Rh6 Rf8 42. Nc3 b5 43. Rh5 Kd2 44. Rh2 Be5 45. Rg2 Bh3 46. Nb1+
Ke3 47. Rg5 Bd4 48. Rg3+ Kxe2 49. Rxh3 Rf3+ 50. Rxf3 Kxf3 51. c5 h5 52. Na3 h4
53. Nxb5 Be5 54. c6 h3 55. Nd4+ Ke4 56. b5 h2 57. b6 h1=Q 58. c7 Qb1+ 59. Ka4
Qa2+ 60. Kb5 Qd5+ 61. Ka4 Qa8+ 0-1

[Event "European Rapid 2017"]
[Site "Katowice POL"]
[Date "2017.12.17"]
[Round "8.10"]
[White "Brunello, Sabino"]
[Black "Laurusas, Tomas"]
[Result "1-0"]
[WhiteTitle "GM"]
[BlackTitle "IM"]
[WhiteElo "2553"]
[BlackElo "2423"]
[WhiteFideId "813613"]
[BlackFideId "12803731"]
[EventDate "2017.12.16"]

1. b3 d5 2. Bb2 c5 3. e3 Nf6 4. Nf3 a6 5. c4 dxc4 6. bxc4 e6 7. Nc3 Be7 8. Be2
O-O 9. O-O Nc6 10. Rb1 Qc7 11. Ba1 Rd8 12. Qb3 Rb8 13. Rfd1 Bd7 14. Ng5 Be8 15.
Nge4 Na5 16. Qc2 Nxe4 17. Nxe4 b5 18. d3 f6 19. cxb5 axb5 20. Rbc1 Rdc8 21. Qc3
Qb6 22. g4 c4 23. dxc4 Nxc4 24. g5 Nd6 25. Qb4 Rxc1 26. Rxc1 Nf5 27. Qb2 e5 28.
gxf6 gxf6 29. Bd3 Kh8 30. Qe2 Bg6 31. Ng3 Nxg3 32. hxg3 Rd8 33. Bxb5 Qa5 34. a4
Qb4 35. Qc4 Qxc4 36. Bxc4 Ba3 37. Rf1 Bb4 38. Kg2 Be4+ 39. f3 Bc6 40. Bb5 Bb7
41. Rf2 Rd1 42. Bb2 Re1 43. e4 Rb1 44. Rc2 Kg8 45. g4 Kf8 46. Bc1 Ba5 47. Ba3+
Kf7 48. Bc4+ Kg6 49. Bb5 Bb6 50. Bc1 Kf7 51. Kg3 Kg6 52. Be8+ Kg7 53. Bc6 Ba6
54. Rb2 Rxc1 55. Rxb6 Be2 56. Rb7+ Kf8 57. Bd5 Ra1 58. Rf7+ Ke8 59. Rxf6 Ra3 60.
a5 Ke7 61. Rf5 Kd6 62. g5 Rxa5 63. f4 exf4+ 64. Kxf4 Bh5 65. Rf6+ Ke7 66. Ke5
Ra7 67. Re6+ Kf8 68. Rb6 Ke7 69. Re6+ Kf8 70. Rc6 Ke7 71. Rc8 Bg6 72. Rg8 Ra6
73. Rg7+ Kf8 74. Rc7 Rb6 75. Ra7 Ke8 76. Kd4 Rb1 77. Ke5 Rb6 78. Bg8 Rb4 79.
Bxh7 Rxe4+ 80. Kf6 Bxh7 81. Rxh7 Rf4+ 82. Kg6 Ra4 83. Rb7 Ra5 84. Kf6 Ra8 85.
Kg7 1-0

[Event "European Rapid 2017"]
[Site "Katowice POL"]
[Date "2017.12.17"]
[Round "8.11"]
[White "Vavulin, Maksim"]
[Black "Chigaev, Maksim"]
[Result "1-0"]
[WhiteTitle "IM"]
[BlackTitle "GM"]
[WhiteElo "2575"]
[BlackElo "2555"]
[WhiteFideId "4169530"]
[BlackFideId "4108116"]
[EventDate "2017.12.16"]

1. e4 c5 2. Nf3 Nc6 3. Nc3 e6 4. d4 cxd4 5. Nxd4 Qc7 6. Qd3 Nxd4 7. Qxd4 a6 8.
e5 Ne7 9. Bf4 Nc6 10. Qe3 d5 11. exd6 Bxd6 12. Bg3 Bxg3 13. hxg3 Qe5 14. Qxe5
Nxe5 15. O-O-O Bd7 16. Rh5 Ng4 17. Be2 Nf6 18. Rc5 Rc8 19. Na4 Ke7 20. Rxc8 Rxc8
21. Nb6 Rc7 22. Nxd7 Nxd7 23. Rd4 h6 24. c3 f5 25. g4 e5 26. Rb4 f4 27. Kc2 Nc5
28. a4 Rd7 29. Bf3 a5 30. Rb5 b6 31. b4 Nd3 32. Be2 Ne1+ 33. Kc1 e4 34. Re5+ Kf6
35. Rf5+ Ke6 36. Rxf4 Ke5 37. Rf5+ Ke6 38. Bc4+ Kd6 39. Rd5+ Kc7 40. Rxd7+ Kxd7
41. Bf1 1-0

[Event "European Rapid 2017"]
[Site "Katowice POL"]
[Date "2017.12.17"]
[Round "8.12"]
[White "Piorun, Kacper"]
[Black "Castellanos Rodriguez, Renier"]
[Result "0-1"]
[WhiteTitle "GM"]
[BlackTitle "IM"]
[WhiteElo "2651"]
[BlackElo "2501"]
[WhiteFideId "1130420"]
[BlackFideId "3404650"]
[EventDate "2017.12.16"]

1. e4 c5 2. Nc3 e6 3. Nf3 a6 4. d4 cxd4 5. Nxd4 Qc7 6. Bd3 Nf6 7. O-O d6 8. Kh1
Nbd7 9. f4 b5 10. a3 Bb7 11. Bd2 Nc5 12. Qe2 Be7 13. Rae1 O-O 14. e5 dxe5 15.
fxe5 Nfd7 16. Bf4 Nxd3 17. Qxd3 Rfd8 18. Qg3 Nf8 19. Nf3 Ng6 20. Bg5 Rac8 21.
Bxe7 Nxe7 22. Ng5 Nf5 23. Qf4 Rd4 24. Nge4 Rcd8 25. Kg1 h6 26. Qf2 Qxe5 27. Ng3
Qc5 28. Nxf5 exf5 29. Re2 g6 30. Rfe1 R8d7 31. Re8+ Kg7 32. Qe3 Qd6 33. Rh8 Rh4
34. g3 Kxh8 35. gxh4 f4 36. Qe5+ Qxe5 37. Rxe5 Kg7 38. Ne4 Rd1+ 39. Kf2 Bxe4 40.
Rxe4 Rd2+ 41. Kf3 Rxc2 42. a4 Rxb2 43. axb5 axb5 44. Re5 Rxh2 0-1

[Event "European Rapid 2017"]
[Site "Katowice POL"]
[Date "2017.12.17"]
[Round "8.13"]
[White "Dobrowolski, Piotr"]
[Black "Fressinet, Laurent"]
[Result "0-1"]
[WhiteTitle "IM"]
[BlackTitle "GM"]
[WhiteElo "2421"]
[BlackElo "2662"]
[WhiteFideId "1106236"]
[BlackFideId "608742"]
[EventDate "2017.12.16"]

1. e4 e5 2. Nf3 Nc6 3. Bb5 a6 4. Ba4 d6 5. O-O Bd7 6. d4 exd4 7. Nxd4 b5 8. Nxc6
Bxc6 9. Bb3 Nf6 10. Nc3 Be7 11. Re1 O-O 12. Qf3 Re8 13. Bd2 Rb8 14. Rad1 a5 15.
a3 a4 16. Bd5 Bd7 17. Ne2 Bg4 18. Qg3 Qd7 19. f3 Nxd5 20. exd5 Bf5 21. Bc3 Bf8
22. Nd4 Bg6 23. Rxe8 Rxe8 24. Re1 h5 25. Rxe8 Qxe8 26. Qe1 Qa8 27. Nc6 Bxc2 28.
Qe2 Bb3 29. Qxb5 Qe8 30. Kf2 f6 31. Nd4 Qxb5 32. Nxb5 Bxd5 33. Nxc7 Bc4 34. h4
Kf7 35. Bb4 g5 36. g3 Be7 37. Ke3 gxh4 38. gxh4 f5 39. Kd4 Be2 40. Ke3 Bc4 41.
Kd4 Bb3 42. Nb5 Bxh4 43. Nxd6+ Ke6 44. Ke3 Bf6 45. Nb5 Bxb2 46. Nd4+ Kf6 47. f4
h4 48. Nf3 h3 49. Kf2 Bd5 50. Kg3 Bxf3 51. Kxf3 Bc1 52. Kg3 Bxf4+ 53. Kxh3 Ke6
54. Kg2 Bd6 0-1

[Event "European Rapid 2017"]
[Site "Katowice POL"]
[Date "2017.12.17"]
[Round "8.14"]
[White "Demidov, Mikhail"]
[Black "Klekowski, Maciej"]
[Result "1-0"]
[WhiteTitle "IM"]
[BlackTitle "IM"]
[WhiteElo "2523"]
[BlackElo "2498"]
[WhiteFideId "4197143"]
[BlackFideId "1132717"]
[EventDate "2017.12.16"]

1. d4 Nf6 2. Nf3 e6 3. c4 b6 4. e3 Bb7 5. Bd3 d5 6. Nc3 Be7 7. O-O O-O 8. Qe2 c5
9. Rd1 Nbd7 10. cxd5 exd5 11. b3 Re8 12. Bb2 a6 13. Rac1 Bd6 14. Bf5 Nf8 15.
dxc5 bxc5 16. Na4 Qe7 17. Ba3 g6 18. Bh3 Ne4 19. Qc2 Ne6 20. Bxe6 Qxe6 21. Bxc5
Rac8 22. b4 d4 23. Rxd4 Nxc5 24. Nxc5 Qf6 25. Qd1 Bxc5 26. bxc5 Qf5 27. Rf4 Qh5
28. h3 Re7 29. Qd6 Rec7 30. Ne5 Qg5 31. c6 Ba8 32. Rfc4 Qf5 33. Nd7 Qe6 34. Qxe6
fxe6 35. Ne5 Rd8 36. Ra4 Bb7 37. Rb1 Bc8 38. Rd4 Rxd4 39. exd4 Kf8 40. Kf1 Ke7
41. Ke2 Kd6 42. Rb8 Kd5 43. Ke3 Kd6 44. a4 Kd5 45. a5 Kd6 46. Ra8 Kd5 47. f3 Kd6
48. Ke4 Ke7 49. Rb8 Kd6 50. h4 h6 51. g3 g5 52. h5 g4 53. fxg4 Ke7 54. Kd3 Kd8
55. Kc4 Rg7 56. Ra8 Rg8 57. Ra7 Rf8 58. Rf7 Rg8 59. Kc5 1-0

[Event "European Rapid 2017"]
[Site "Katowice POL"]
[Date "2017.12.17"]
[Round "8.15"]
[White "Terletsky, Oleg"]
[Black "Kovalev, Vladislav"]
[Result "0-1"]
[WhiteTitle "FM"]
[BlackTitle "GM"]
[WhiteElo "2384"]
[BlackElo "2639"]
[WhiteFideId "14116774"]
[BlackFideId "13504398"]
[EventDate "2017.12.16"]

1. e4 e5 2. Nf3 Nc6 3. Nc3 Nf6 4. d4 exd4 5. Nxd4 Bc5 6. Nxc6 bxc6 7. Bd3 O-O 8.
O-O Re8 9. Bg5 h6 10. Bh4 Rb8 11. Kh1 Be7 12. b3 d5 13. exd5 cxd5 14. Bb5 Rf8
15. a4 c6 16. Bd3 Rb4 17. Bg3 Bd6 18. Ne2 Bxg3 19. fxg3 a5 20. c3 Rb7 21. Nd4
Qd6 22. Nf5 Bxf5 23. Rxf5 Re8 24. Bc2 Re3 25. Qd2 Rbe7 26. Raf1 Re2 27. Qd3 R7e3
28. Qd1 Qe6 29. b4 Rxc3 30. Bd3 Re3 31. Bb1 axb4 32. a5 c5 33. a6 Ra3 34. Rxf6
gxf6 35. Qc2 Re1 0-1

[Event "European Rapid 2017"]
[Site "Katowice POL"]
[Date "2017.12.17"]
[Round "8.16"]
[White "Plat, Vojtech"]
[Black "Goluch, Piotr"]
[Result "0-1"]
[WhiteTitle "GM"]
[BlackTitle "FM"]
[WhiteElo "2567"]
[BlackElo "2308"]
[WhiteFideId "325740"]
[BlackFideId "1137840"]
[EventDate "2017.12.16"]

1. e4 c6 2. d4 d5 3. exd5 cxd5 4. c4 Nf6 5. Nc3 Nc6 6. Nf3 Bg4 7. Qb3 Bxf3 8.
gxf3 e6 9. cxd5 Nxd5 10. Qxb7 Nxd4 11. Bb5+ Nxb5 12. Qxb5+ Qd7 13. Qxd7+ Kxd7
14. Nxd5 exd5 15. Be3 Bb4+ 16. Ke2 Rhc8 17. Rac1 a6 18. Kd3 Ke6 19. a3 Bd6 20.
Bd4 g6 21. h3 Bf4 22. Rc5 Rxc5 23. Bxc5 Bg5 24. Re1+ Kd7 25. Re5 Kc6 26. Rxg5
Kxc5 27. Re5 a5 28. Re7 Rb8 29. Kc2 Kd4 30. Rxf7 Rc8+ 31. Kd2 Rb8 32. b4 axb4
33. axb4 Rxb4 34. Rxh7 Rb2+ 35. Ke1 Kd3 36. Kf1 d4 37. Rh6 Rb6 38. Rh8 Kd2 39.
Rd8 d3 40. Kg2 Rc6 41. f4 Kc2 42. Kf3 d2 43. Kg4 Rc5 0-1

[Event "European Rapid 2017"]
[Site "Katowice POL"]
[Date "2017.12.17"]
[Round "8.17"]
[White "Zaksaite, Salomeja"]
[Black "Saric, Ante"]
[Result "0-1"]
[WhiteTitle "WIM"]
[BlackTitle "GM"]
[WhiteElo "2278"]
[BlackElo "2540"]
[WhiteFideId "12801496"]
[BlackFideId "14506254"]
[EventDate "2017.12.16"]

1. e4 e6 2. d4 d5 3. Nc3 Nf6 4. Bg5 dxe4 5. Nxe4 Be7 6. Bxf6 gxf6 7. Nf3 f5 8.
Ng3 c5 9. Qd2 Nc6 10. O-O-O cxd4 11. Bb5 Qb6 12. Nxd4 h5 13. Rhe1 Kf8 14. Ngxf5
exf5 15. Nxc6 bxc6 16. Rxe7 cxb5 17. Qg5 Be6 18. Qf6 Rg8 19. Re1 Rg6 20. Qh4 Qd6
21. Rb7 Rd8 22. b3 Qd2+ 23. Kb2 Qd4+ 24. Qxd4 Rxd4 25. g3 Rd2 26. Rf1 a6 27. Kc3
Rd6 28. a4 Rc6+ 29. Kb2 bxa4 30. bxa4 Bd5 31. Rd1 Rxc2+ 32. Kxc2 Bxb7 0-1

[Event "European Rapid 2017"]
[Site "Katowice POL"]
[Date "2017.12.17"]
[Round "8.18"]
[White "Navara, David"]
[Black "Kreisl, Robert"]
[Result "1-0"]
[WhiteTitle "GM"]
[BlackTitle "IM"]
[WhiteElo "2740"]
[BlackElo "2440"]
[WhiteFideId "309095"]
[BlackFideId "1613880"]
[EventDate "2017.12.16"]

1. c4 e5 2. g3 Nc6 3. Bg2 Bc5 4. Nc3 a6 5. e3 d6 6. Nf3 Ba7 7. O-O Nge7 8. d4
exd4 9. exd4 Bg4 10. Bg5 O-O 11. h3 Bxf3 12. Bxf3 Qd7 13. Re1 Nf5 14. Bg4 Ncxd4
15. Nd5 f6 16. Ne7+ Kh8 17. Bf4 Rae8 18. Nxf5 Nxf5 19. Qd5 g6 20. Qxb7 Bd4 21.
Rxe8 Rxe8 22. Rd1 Be5 23. Bxe5 Rxe5 24. Qxa6 h5 25. Qa8+ Kg7 26. Bf3 c5 27. Bd5
Ne7 28. Bg2 Re2 29. Qb8 Nf5 30. Bd5 Nxg3 31. Qg8+ Kh6 32. Qf8+ Kg5 33. h4+ Kxh4
34. Qxf6+ g5 35. fxg3+ 1-0

[Event "European Rapid 2017"]
[Site "Katowice POL"]
[Date "2017.12.17"]
[Round "8.19"]
[White "Kourousis, Epaminondas"]
[Black "Alekseev, Evgeny"]
[Result "1/2-1/2"]
[WhiteTitle "IM"]
[BlackTitle "GM"]
[WhiteElo "2393"]
[BlackElo "2616"]
[WhiteFideId "4211626"]
[BlackFideId "4138147"]
[EventDate "2017.12.16"]

1. d4 e6 2. c4 b6 3. g3 Bb7 4. Nf3 Nf6 5. Bg2 g6 6. O-O Bg7 7. b3 O-O 8. Bb2 c5
9. Nc3 cxd4 10. Qxd4 d5 11. Rfd1 Nbd7 12. cxd5 Nxd5 13. Qd2 N7f6 14. Nxd5 Bxd5
15. Qb4 Rc8 16. Ne5 Qc7 17. Rac1 Qb7 18. Bxd5 Nxd5 19. Qd2 b5 20. a3 Rxc1 21.
Rxc1 Rc8 22. Nd3 Rxc1+ 23. Qxc1 Bxb2 24. Nxb2 Qb6 25. Nd3 Qd4 26. Qc8+ Kg7 27.
Qd7 a6 28. Qd6 Qe4 29. Qe5+ Qxe5 30. Nxe5 Kf6 31. Nd7+ Ke7 32. Nc5 a5 33. Kf1
Nb6 34. Ke1 a4 35. bxa4 bxa4 36. Kd2 Nc4+ 37. Kc3 Nxa3 38. Nxa4 Nb5+ 1/2-1/2

[Event "European Rapid 2017"]
[Site "Katowice POL"]
[Date "2017.12.17"]
[Round "8.20"]
[White "Polivanov, Anatoliy"]
[Black "Ponkratov, Pavel"]
[Result "0-1"]
[WhiteTitle "IM"]
[BlackTitle "GM"]
[WhiteElo "2383"]
[BlackElo "2613"]
[WhiteFideId "14109468"]
[BlackFideId "4157800"]
[EventDate "2017.12.16"]

1. d4 Nf6 2. c4 e6 3. Nc3 Bb4 4. Nf3 b6 5. Qb3 c5 6. a3 Ba5 7. Bg5 h6 8. Bh4 g5
9. Bg3 Ne4 10. d5 d6 11. Qc2 f5 12. b4 Qf6 13. bxa5 f4 14. Rc1 Nxc3 15. Qxc3
Qxc3+ 16. Rxc3 exd5 17. cxd5 O-O 18. e3 fxg3 19. hxg3 Kg7 20. Nd2 Nd7 21. Bb5
Nf6 22. Bc6 Rb8 23. axb6 Rxb6 24. O-O Ba6 25. Rfc1 Ng4 26. Ne4 Rd8 27. f4 Kg6
28. Nf2 Nxf2 29. Kxf2 Kf5 30. Ba4 Rb2+ 31. R1c2 Rdb8 32. Rxb2 Rxb2+ 33. Rc2 Rb1
34. Rxc5 Rf1# 0-1

[Event "European Rapid 2017"]
[Site "Katowice POL"]
[Date "2017.12.17"]
[Round "8.21"]
[White "Rodshtein, Maxim"]
[Black "Wieczorek, Oskar"]
[Result "1-0"]
[WhiteTitle "GM"]
[BlackTitle "IM"]
[WhiteElo "2699"]
[BlackElo "2463"]
[WhiteFideId "2806851"]
[BlackFideId "1133950"]
[EventDate "2017.12.16"]

1. d4 Nf6 2. c4 g6 3. Nf3 Bg7 4. g3 c6 5. Bg2 d5 6. Qb3 O-O 7. O-O dxc4 8. Qxc4
Bf5 9. Rd1 Nbd7 10. Nh4 Nb6 11. Qb3 Be6 12. Qc2 Nfd5 13. Nc3 Nxc3 14. bxc3 Nc4
15. Rb1 Qc8 16. a4 b6 17. Nf3 Bh3 18. e4 Bxg2 19. Kxg2 a6 20. h4 h5 21. Qe2 b5
22. Bf4 Re8 23. e5 Qe6 24. Ng5 Qd5+ 25. Kh2 a5 26. Ra1 Nb6 27. Ne4 Nxa4 28. c4
Qd7 29. d5 cxd5 30. Rxd5 Qc6 31. Rxb5 Nb6 32. Rc5 Qe6 33. Ng5 Qf5 34. Rb5 f6 35.
Nf3 Qe6 36. Rc1 Red8 37. Qe4 fxe5 38. Bxe5 Nd7 39. Ng5 Qg4 40. Qxg6 Nxe5 41.
Rxe5 Rd6 42. Qf7+ Kh8 43. Rxe7 Rg8 44. Re8 Rxe8 45. Qxe8+ Bf8 46. Qxf8# 1-0

[Event "European Rapid 2017"]
[Site "Katowice POL"]
[Date "2017.12.17"]
[Round "8.22"]
[White "Pulpan, Jakub"]
[Black "Miton, Kamil"]
[Result "0-1"]
[WhiteTitle "IM"]
[BlackTitle "GM"]
[WhiteElo "2400"]
[BlackElo "2584"]
[WhiteFideId "302759"]
[BlackFideId "1111914"]
[EventDate "2017.12.16"]

1. e4 c5 2. Nf3 d6 3. d4 cxd4 4. Nxd4 Nf6 5. Nc3 Bd7 6. f3 e5 7. Nb3 Be7 8. Be3
O-O 9. Bc4 Be6 10. Nd5 Nbd7 11. a4 Bxd5 12. Bxd5 Qc7 13. O-O Nxd5 14. Qxd5 Rfc8
15. Rfc1 h6 16. Qd2 Nb6 17. Na5 Qd7 18. b3 Qc7 19. Kh1 Rab8 20. c4 Nd7 21. b4 b6
22. Nb3 a5 23. b5 Nc5 24. Ra3 Ne6 25. Na1 d5 26. Rd3 d4 27. Bg1 Bg5 0-1

[Event "European Rapid 2017"]
[Site "Katowice POL"]
[Date "2017.12.17"]
[Round "8.23"]
[White "Maier, Christian"]
[Black "Neiksans, Arturs"]
[Result "0-1"]
[WhiteTitle "IM"]
[BlackTitle "GM"]
[WhiteElo "2393"]
[BlackElo "2590"]
[WhiteFideId "4601955"]
[BlackFideId "11601388"]
[EventDate "2017.12.16"]

1. e4 e5 2. Nf3 Nc6 3. Bb5 a6 4. Ba4 Nf6 5. O-O Be7 6. Re1 b5 7. Bb3 d6 8. c3
O-O 9. h3 Bb7 10. d4 Nd7 11. Bd5 Nb6 12. Be3 exd4 13. Bxc6 Bxc6 14. Bxd4 Na4 15.
b4 Re8 16. Nbd2 Bb7 17. c4 c5 18. Be3 Bf6 19. bxc5 Bxa1 20. Qxa1 dxc5 21. Bg5 f6
22. Bh4 Qd7 23. e5 fxe5 24. Ne4 Bxe4 25. Rxe4 Qf5 26. Rg4 Ra7 27. Rg5 Qe4 28.
Bg3 Rd7 29. Bxe5 Ree7 30. Rg4 Qc2 31. Bxg7 Rd1+ 32. Kh2 Rxa1 33. Bxa1+ Kf8 34.
Bf6 Rf7 35. Rf4 Qxf2 36. h4 Nb6 0-1

[Event "European Rapid 2017"]
[Site "Katowice POL"]
[Date "2017.12.17"]
[Round "8.24"]
[White "Andriasian, Zaven"]
[Black "Sadzikowski, Daniel"]
[Result "1-0"]
[WhiteTitle "GM"]
[BlackTitle "GM"]
[WhiteElo "2585"]
[BlackElo "2584"]
[WhiteFideId "13302000"]
[BlackFideId "1132253"]
[EventDate "2017.12.16"]

1. e4 c5 2. Nf3 d6 3. d4 cxd4 4. Nxd4 Nf6 5. Nc3 a6 6. Be3 e5 7. Nf3 Be7 8. Bc4
O-O 9. O-O Be6 10. Qe2 Qc7 11. Bb3 Nc6 12. Rfd1 Na5 13. Nd5 Nxd5 14. Bxd5 Rac8
15. c3 Nc4 16. h3 Kh8 17. Bg5 Bxd5 18. Rxd5 f6 19. Be3 f5 20. exf5 Rxf5 21. Rad1
Rcf8 22. b3 Nxe3 23. Qxe3 Qc8 24. c4 h6 25. c5 Rxf3 26. gxf3 Bg5 27. f4 Bxf4 28.
Qd3 Qe8 29. cxd6 e4 30. Qe2 e3 31. d7 Qg6+ 32. Qg4 exf2+ 33. Kf1 Qe4 34. d8=Q
Qh1+ 35. Kxf2 Qh2+ 36. Kf3 1-0

[Event "European Rapid 2017"]
[Site "Katowice POL"]
[Date "2017.12.17"]
[Round "8.25"]
[White "Pultinevicius, Paulius"]
[Black "Aleksandrov, Aleksej"]
[Result "1/2-1/2"]
[WhiteTitle "IM"]
[BlackTitle "GM"]
[WhiteElo "2371"]
[BlackElo "2589"]
[WhiteFideId "12809390"]
[BlackFideId "13500139"]
[EventDate "2017.12.16"]

1. d4 Nf6 2. c4 e6 3. g3 d5 4. Nf3 Bb4+ 5. Bd2 Bd6 6. Bg2 Nbd7 7. Qc2 c6 8. O-O
O-O 9. Bg5 h6 10. Bxf6 Qxf6 11. Nbd2 Qd8 12. e4 Be7 13. cxd5 cxd5 14. exd5 exd5
15. Ne5 Nf6 16. Rac1 Be6 17. Nb3 Rc8 18. Nc5 Qb6 19. Rfe1 Qb4 20. Ned3 Qxd4 21.
Nxe6 fxe6 22. Qe2 Rxc1 23. Nxc1 Ne4 24. Bxe4 dxe4 25. Nb3 Qf6 26. Qc2 Bd8 27.
Rxe4 e5 28. Nc5 Bb6 29. Re2 Rc8 30. b4 Kh8 31. Qe4 Bxc5 32. bxc5 Qe7 33. Qxe5
Qxc5 34. Qb2 b6 35. Rd2 Re8 36. Re2 Rc8 37. Rd2 Qc6 38. h4 Qc1+ 39. Qxc1 Rxc1+
40. Kg2 Rc3 41. h5 Ra3 42. g4 Kg8 43. f3 Kf7 44. Kg3 Ke6 45. Re2+ Kf6 46. Rc2 b5
47. Rc6+ Kf7 48. Rc7+ Kf6 49. Rc6+ Kf7 50. Rc7+ Kg8 51. Rc8+ Kf7 52. Rc7+ Kg8
53. Rc8+ Kh7 54. Rc2 a5 55. Kf4 b4 56. Ke4 a4 57. Rc4 Rxa2 58. Rxb4 a3 59. Ra4
Ra1 60. Kf5 a2 61. f4 Rb1 62. Rxa2 Rb5+ 63. Ke4 Rb4+ 64. Kf3 Rb3+ 65. Ke4 Rb4+
66. Ke5 Rb5+ 67. Kd6 Rb4 68. Rf2 Ra4 69. Ke5 Ra5+ 70. Ke4 Ra4+ 71. Kf3 Ra3+ 72.
Kg2 Kg8 73. Rf3 Ra1 74. Rb3 Kf7 75. Kf3 Ra5 76. Rb7+ Kf6 77. Rb6+ Kf7 78. Rd6
Ke7 79. Rc6 Ra4 80. g5 hxg5 81. fxg5 Rh4 82. Kg3 Rxh5 83. Kg4 Rh1 84. Kf5 Ra1
85. Rc7+ Kf8 86. Rc8+ Kf7 87. Rc7+ Kg8 88. Rc8+ Kf7 89. Rc7+ Kg8 90. Rc8+ Kf7
91. g6+ Ke7 92. Rc7+ Kf8 93. Rc8+ Ke7 94. Rc7+ Kf8 1/2-1/2

[Event "European Rapid 2017"]
[Site "Katowice POL"]
[Date "2017.12.17"]
[Round "8.26"]
[White "Saric, Ivan"]
[Black "Kazakovskiy, Valeriy"]
[Result "1-0"]
[WhiteTitle "GM"]
[BlackTitle "IM"]
[WhiteElo "2669"]
[BlackElo "2422"]
[WhiteFideId "14508150"]
[BlackFideId "13507443"]
[EventDate "2017.12.16"]

1. e4 c5 2. Nf3 a6 3. c3 e6 4. d4 d5 5. e5 Bd7 6. Bd3 Nc6 7. a3 cxd4 8. cxd4 Qb6
9. Bc2 Rc8 10. O-O Na5 11. Nc3 Ne7 12. Re1 h6 13. h4 Nc4 14. Na4 Qa7 15. Nc5 Nc6
16. Nxd7 Kxd7 17. b3 Nb6 18. h5 Na8 19. Be3 Nc7 20. Bd3 Nb5 21. b4 Be7 22. Qb3
Nc7 23. Rec1 Rhg8 24. Qb2 Na8 25. Nd2 b5 26. Nb3 Nb6 27. Qe2 Qb7 28. Qf3 Rcf8
29. Qh3 Nc4 30. Be2 Qc7 31. Nd2 Qb8 32. Nxc4 bxc4 33. Bf3 Kc7 34. Rab1 Bg5 35.
a4 Bxe3 36. fxe3 Nxb4 37. a5 Qb5 38. Qh4 Kd7 39. e4 Qxa5 40. exd5 exd5 41. Bg4+
f5 42. exf6+ Kc6 43. Qe1 Rb8 44. Qe7 Rgd8 45. f7 Qc7 46. Qc5+ 1-0

[Event "European Rapid 2017"]
[Site "Katowice POL"]
[Date "2017.12.17"]
[Round "8.27"]
[White "Sieciechowicz, Marcin"]
[Black "Fedorov, Alexei"]
[Result "1/2-1/2"]
[WhiteTitle "IM"]
[BlackTitle "GM"]
[WhiteElo "2387"]
[BlackElo "2573"]
[WhiteFideId "1130170"]
[BlackFideId "13500465"]
[EventDate "2017.12.16"]

1. d4 Nf6 2. c4 g6 3. Nc3 Bg7 4. e4 d6 5. Nf3 O-O 6. Be2 c5 7. d5 e5 8. O-O Ne8
9. Rb1 f5 10. Ng5 Nc7 11. exf5 gxf5 12. f4 h6 13. Nh3 e4 14. Be3 Bxc3 15. bxc3
Nd7 16. Kh1 Nf6 17. Nf2 Kh7 18. Rg1 Nce8 19. Qc2 h5 20. Nh3 Ng7 21. Ng5+ Kg6 22.
Bf2 Nh7 23. Bh4 Nxg5 24. Bxg5 Qc7 25. Qd2 Rh8 26. Bh4 Kf7 27. Qe3 Rh6 28. Qg3
Rg6 29. Bg5 Bd7 30. Rb2 Rh8 31. Qh4 Bc8 32. Rgb1 Kg8 33. Rb5 Qd7 34. h3 Rh7 35.
Bd1 Rh8 36. Kh2 Rh7 37. Be2 Rh8 38. R5b3 Rh7 39. Ra3 b6 40. Bd1 Qf7 41. Ba4 Ne8
42. Kg1 Nf6 43. Bd1 Qg7 44. Rb2 Ne8 45. Re2 Nf6 46. Re3 Ne8 47. Rg3 Kf8 48. Be7+
Kg8 49. Rxg6 Qxg6 50. Bg5 Qf7 51. Ba4 Bd7 52. Bxd7 Qxd7 53. Kf2 Kf7 54. Qg3 Rh8
55. Qe3 Ng7 56. Kg1 Ne8 57. Kh2 Rh7 58. Qe1 Rh8 59. Qe2 Rh7 60. Qc2 Kg8 61. Qe2
Qg7 62. Rb3 Qd7 63. Ra3 Qg7 64. Rb3 Qd7 65. Ra3 1/2-1/2

[Event "European Rapid 2017"]
[Site "Katowice POL"]
[Date "2017.12.17"]
[Round "8.28"]
[White "Tari, Aryan"]
[Black "Rocha, Sergio"]
[Result "1-0"]
[WhiteTitle "GM"]
[BlackTitle "IM"]
[WhiteElo "2593"]
[BlackElo "2370"]
[WhiteFideId "1510045"]
[BlackFideId "1900404"]
[EventDate "2017.12.16"]

1. e4 g6 2. d4 Bg7 3. Nf3 d6 4. Bc4 a6 5. O-O e6 6. Re1 Ne7 7. Nbd2 O-O 8. Nf1
b5 9. Bb3 c5 10. c3 Bb7 11. Ng3 Nd7 12. Be3 e5 13. dxe5 dxe5 14. Qd6 Nc8 15. Qd2
c4 16. Rad1 Ncb6 17. Bc2 Re8 18. h4 Rc8 19. h5 Qc7 20. Bh6 Bf6 21. Bg5 Bg7 22.
Nh4 Nf8 23. Bh6 Bf6 24. Bg5 Bg7 25. Qe3 Nbd7 26. Bh6 Bf6 27. Bg5 Bg7 28. Nhf5
Nc5 29. Nd6 Nce6 30. Nxe8 Rxe8 31. Bh6 Bf6 32. Rd2 Be7 33. Red1 Bc6 34. hxg6
hxg6 35. b4 Nh7 36. a4 Nf6 37. axb5 axb5 38. Qf3 Ra8 39. Be3 Kg7 40. Ne2 Ra2 41.
Bb1 Ra1 42. Qh3 Nxe4 43. Bxe4 Rxd1+ 44. Rxd1 Bxe4 45. Ng3 Bd3 46. Qh6+ Kg8 47.
Ra1 Qc6 48. Ra7 Bf8 49. Qh4 Bg7 50. Qe7 f5 51. Bh6 Nf4 52. Qxg7# 1-0